000 01046nam a22003135a 4500
003 EG-ScBUE
005 20220420101804.0
008 161024s2016 enka f d 001 0 eng d
020 _a9780415837866
040 _aEG-ScBUE
_beng
_erda
_cEG-ScBUE
_dEG-ScBUE
082 0 4 _222
_a418.02072
_bOLO
100 1 _aOlohan, Maeve,
_eauthor.
245 1 0 _aScientific and technical translation /
_cMaeve Olohan.
264 1 _aLondon ;
_aNew York :
_bRoutledge,
_c2016.
300 _aviii, 253 pages :
_billustrations ;
_c24 cm.
336 _2rdacontent
_atext
_btxt
337 _2rdamedia
_aunmediated
_bn
338 _2rdacarrier
_avolume
_bnc
490 0 _aRoutledge translation guides
500 _aIncludes index.
500 _aIncludes glossary.
500 _aIncludes Appendices.
590 _aSuzan Ashmawy, revised by Rahma Essa.
650 7 _aTranslating and interpreting
_xResearch
_xMethodology.
_2BUEsh
_940298
651 _2BUEsh
653 _bHHUUEENN
_cOctober2016
_cNovember2016
655 _vReading book
_934232
942 _2ddc
_cBB
999 _c22827
_d22799